Третий четверг ноября: повести

Bibliografiske detaljer
Hovedforfatter: Устинова Т. В. Татьяна Витальевна
Summary:Исключено из фонда НТБ ТПУ
Sprog:russisk
Udgivet: Москва, Эксмо, 2014
Serier:Первая среди лучших
Format: MixedMaterials Bog
KOHA link:https://koha.lib.tpu.ru/cgi-bin/koha/opac-detail.pl?biblionumber=256828

MARC

LEADER 00000nam0a2200000 4500
001 256828
005 20231031215644.0
010 |a 9785699396856 
035 |a (RuTPU)RU\TPU\book\279571 
090 |a 256828 
100 |a 20140411d2014 m y0rusy50 ca 
101 0 |a rus 
102 |a RU 
105 |a y z 000ay 
200 1 |a Третий четверг ноября  |e повести  |f Т. В. Устинова 
210 |a Москва  |c Эксмо  |d 2014 
215 |a 320 с. 
225 1 |a Первая среди лучших 
333 |a Исключено из фонда НТБ ТПУ 
700 1 |a Устинова  |b Т. В.  |g Татьяна Витальевна 
801 1 |a RU  |b 63413507  |c 20140411 
801 2 |a RU  |b 63413507  |c 20220602  |g RCR 
942 |c BK 
959 |a 68/20140410  |d 1  |e 119,90  |f ХФ:1